000 01047nam a2200277Ia 4500
003 OSt
005 20220923211221.0
006 a|||||r|||| 00| 0
007 ta
008 220922b |||||||| |||| 00| 0 hin d
020 _a9788126730797 (hbk)
_c195
024 _a326,310
037 _bBR6975, 13/03/2018, Rajkamal Prakashan Pvt. Ltd
_cTextual
040 _aARTS
_cARTS
_bhin
041 _2hin
_ahin
082 _aO152,3NPRx, Q8
100 _aप्रियम्वदा, उषा, ले.
_9159848
245 0 _aप्रतिनिधि कहानियॉं
246 _aPratinidhi kahāniyaॉan
260 _aनई दिल्ली
_b राजकमल प्रकाशन
_c2018
300 _a151पृ.
_ccm.
650 _a हिन्दी साहित्य
_9156264
650 _aहिन्दी कहानी
942 _hO152,3NPRx, Q8
_cTEXL
_2CC
999 _c297127
_d297127